Suomen kantatiet - Statistics

Yleistilastot
  • Tätä visaa on pelattu 49 kertaa
  • Keskiarvotulos 3 / 42
Vastaustilastot
Hint Vastaus % Oikein
45 Helsinki-Hyvinkää
36%
51 Helsinki-Raasepori
32%
41 Aura-Huittinen
28%
40 Naantali-Kaarina
24%
43 Uusikaupunki-Harjavalta
20%
74 Joensuu-Ilomantsi
16%
44 Sastamala-Kauhajoki
12%
98 Aavasaksa
8%
54 Hollola-Tammela
8%
91 Inari-Rajajooseppi
8%
92 Inari-Utsjoki
8%
86 Kannus-Liminka
8%
73 Kontiolahti-Nurmes
8%
66 Orivesi-Lapua
8%
89 Paltamo-Kuhmo
8%
55 Porvoo-Mäntsälä
8%
88 Raahe-Iisalmi
8%
82 Rovaniemi-Salla
8%
71 Savonlinna-Kitee
8%
76 Sotkamo-Kuhmo
8%
53 Hämeenlinna-Padasjoki
4%
57 Hämeenlinna-Pälkäne
4%
87 Iisalmi-Nurmes
4%
52 Jokioinen-Raasepori
4%
67 Kaskinen-Seinäjoki
4%
62 Mikkeli-Imatra
4%
72 Mikkeli-Suonenjoki
4%
93 Palojoensuu-Kivilompolo
4%
78 Paltamo-Rovaniemi
4%
79 Rovaniemi-Muonio
4%
83 Rovaniemi-Pello
4%
75 Siilinjärvi-Kuhmo
4%
80 Sodankylä-Kolari
4%
69 Äänekoski-Suonenjoki
0%
56 Jämsä-Mänttä
0%
58 Kangasala-Kärsämäki
0%
63 Kauhava-Ylivieska
0%
50 Länsisalmi-Jorvas
0%
81 Rovaniemi-Kuusamo
0%
77 Siilinjärvi-Kyyjärvi
0%
65 Tampere-Virrat
0%
68 Virrat-Pietarsaari
0%
Ehtoja vastaavia visoja ei löytynyt
Tulosjakauma
Jokaisen tuloksen saaneiden osuus
Persentiili vastausten määrän mukaan
Tuloshistoriasi
Et ole pelannut tätä visaa